Estadísticas para Premier League

Haz click aquí para intentar la prueba.

Estadísticas generales

  • Esta prueba ha sido intentada 200 veces
  • La puntuación promedio es 18 de 20

Estadísticas de respuestas

Respuesta% Correcto
Arsenal
98%
Liverpool
98%
Aston Villa
97%
Everton
97%
Chelsea
96%
Manchester City
96%
Newcastle United
96%
Manchester United
95%
West Ham United
95%
Fulham
91%
Leeds United
89%
Wolverhampton Wanderers
89%
Brighton
86%
Nottingham Forest
86%
Tottenham Hotspur
84%
Crystal Palace
83%
Leicester City
81%
Southampton
79%
Brentford
77%
Bournemouth
73%

Distribución de puntuación

Porcentaje por número respondido

Porcentaje de gente con cada puntuación

Historial de tus puntuaciones

No has intentado esta prueba.